Statistics for Most followed footballers on Instagram

Click here to take the quiz!

General Stats

  • This quiz has been taken 64 times
    (18 since last reset)
  • The average score is 30 of 50

Answer Stats

Nationality followers Player % Correct
Portugal218 mCristiano Ronaldo
100%
Brazil138 mNeymar Dasilva
94%
Wales43.1 mGareth Bale
94%
Argentina150 mLionel Messi
94%
Egypt38.3 mMohamed Salah
88%
Colombia45.5 mJames Rodriguez
88%
Sweden42.9 mZlatan Ibrahimovic
88%
Argentina11.5 mAngel Dimaria
81%
Croatia18.3 mLuka Modric
81%
France40.6 mKylian Mbappe
81%
Spain38.4 mSergio Ramos
81%
Uruguay37.8 mLuis Suarez
81%
Belgium26.7 mEden Hazard
81%
Brazil16.6 mThiago Silva
81%
Belgium10.9 mKevin Debruyne
81%
Spain18.2 mGerard Pique
75%
Poland17.2 mRobert Lewandowski
75%
Chile10.5 mAlexis Sanchez
75%
France30.2 mAntoine Griezmann
75%
Argentina13.2 mSergio Aguero
75%
France40.9 mPaul Pogba
75%
Brazil22.3 mPhilippe Coutinho
69%
Spain34 mAndres Iniesta
69%
Germany24.4 mToni Kroos
63%
Brazil44.4 mMarcelo Vieira
63%
Chile12.8 mArturo Vidal
63%
Brazil13.1 mRoberto Firmino
63%
Spain12.6 mJordi Alba
56%
Germany10 mManuel Neuer
56%
England9.6 mHarry Kane
56%
Croatia17.5 mIvan Rakitic
56%
Brazil19.4 mDavid Luiz
56%
France13.9 mRaphael Varane
50%
Argentina38.2 mPaulo Dybala
50%
England15.1 mWayne Rooney
50%
France33.9 mKarim Benzema
44%
Brazil31.1 mDani Alves
44%
Germany21.9 mMesut Ozil
44%
Netherlands9.4mVirgil Vandijk
44%
Brazil11.9 mCarlos Casemiro
44%
Spain10.9 mDavid Degea
38%
Spain19.3 mIsco Alarcon
38%
Brazil14.4 mGabriel Jesus
38%
Colombia13.1 mRadamel Falcao
31%
Netherlands9.7 mMemphis Depay
31%
Spain11.3 mCesc Fabregas
25%
Spain12.2 mMarco Asensio
25%
Spain11 mAlvaro Morata
19%
Germany11.2 mMarcandre Terstegen
19%
Brazil9.9 mVinicius Junior
0%

Score Distribution

Percentile by Number Answered

Percent of People with Each Score

Your Score History

You have not taken this quiz since the last reset